000
00238nam a2200097Ia 4500
008
230907s9999||||xx |||||||||||||| ||und||
082
_a
333.7915,TRA
245
0
_a
Trade, the WTO and energy security/
300
_a
ix, 182 p.:
942
_c
BK
999
_c
597534
_d
597534